000 00438nam a22001457a 4500
008 150225b xxu||||| |||| 00| 0 eng d
020 _a9780852448359
050 _aBX3756. O37. A3
100 _aO'Collins, Gerald
_915521
245 _aOn the bank of the tiber
_cGerald, O'Collins SJ
260 _aHerefordshire
_bGracewing
_c2013
300 _axvii, 310p. ;
_c21cm.
650 _aO'Collins, Gerald
_915522
942 _2lcc
_cMONOGRAPH
999 _c122188
_d122188